Geographical Features from 'V' - Statistics

General Stats
  • This quiz has been taken 42 times
  • The average score is 7 of 16
Answer Stats
Picture Hint Answer % Correct
Country Vietnam
100%
Italian City Venice
97%
Lake Victoria
87%
Country Vanuatu
82%
Spanish City Valencia
79%
River Volga
74%
National Capital Vienna
72%
National Capital Valletta
59%
Volcano Vesuvius
49%
Waterfall Virginia
8%
Glacier Vatnajokull
5%
National Park Vanoise
0%
Beach Varadero
0%
Cliff Vestmanna
0%
Gorge Vikos
0%
Cave Vindija
0%
No matching quizzes found
Score Distribution
Percent of People with Each Score
Percentile by Number Answered
Your Score History
You have not taken this quiz